000 00672 a2200169 4500
003 Nust
005 20221011152843.0
040 _cNust
082 _a540,CHE
245 _aChemistry and Physics of Carbon
_cPhilip L Walker Jr (Editor)
250 _aVol : 6
260 _aNew York
_bMarcel Dekker
300 _a351:p
505 _aPhysical Adsorption Of Gases And Vapors Of Graphized Carbon Blacks (Page-1), Graphitization Of Soft Carbons (Page-125), Surface Complexex On Carbons (Page-191), Effect Of Reactor Irradication On The Dynamic Mechanical Behavior Of Graphites And Carbons (Page-283).
650 _aChemistry and Physics of Carbon
_999924
942 _2ddc
_cBK
999 _c183292
_d183292